000 00928nam a2200265Ia 4500
003 OSt
005 20221005112704.0
006 a|||||r|||| 00| 0
007 ta
008 221004b |||||||| |||| 00| 0 pan d
020 _a9788180591051 (hbk)
_cINR 150.00
024 _a38467
037 _b1025, 12/03/2018, H.K. Prakashan
_cTextual
040 _aCRL
_cCRL
_bpan
041 _2pan
_apan
082 _aO153,2v, Q5
100 _aਕੌਰ, ਨਵਦੀਪ, ਂਚ.
245 0 _aਪੰਜਾਬੀ ਨਾਟਕ ਦਾ ਵਿਕਾਸ-ਰੁ॥
260 _aਦਿੱਲੀ
_bF੍ਰੀ ਪ੍ਰਕਾFਨ ਭਾਰਤ
_c2015
300 _a62ਪ੍ਰ0
_ccm.
650 _a ਪੰਜਾਬੀ ਨਾਟਕ
650 _aਪੰਜਾਾਬੀ ਸਾਹਿਤ
942 _hO153,2v, Q5
_cTEXL
_2cc
999 _c1025664
_d1025664